| 000 | 00596nam a22001937a 4500 | ||
|---|---|---|---|
| 005 | 20170421110301.0 | ||
| 010 | _aENG-117913 | ||
| 020 |
_c995.00 _a978812414452 |
||
| 035 | _aEN-101445 | ||
| 037 | _bDBAD/PUB | ||
| 100 | _aAwasthy, S. S. | ||
| 245 |
_aIndian government and politics / _cby S. S. Awasthy |
||
| 250 | _b3rd revised edition | ||
| 260 |
_aNew Delhi _bHar-anand publications _c2013 |
||
| 270 |
_aE-49/3, okhla industrial area, phase-II, _bNew Delhi _e110020 |
||
| 300 |
_a568p. _c22cm(Hb) |
||
| 500 | _aIncludes index | ||
| 942 |
_2ddc _cEN _h320.40954 _mAWA |
||
| 999 |
_c139153 _d139153 |
||